Rachna Aur Alochana Ki Dwandwatmakta (Record no. 48879)

MARC details
000 -LEADER
fixed length control field 00384nam a2200157 4500
008 - FIXED-LENGTH DATA ELEMENTS--GENERAL INFORMATION
fixed length control field 240918b ||||| |||| 00| 0 eng d
020 ## - INTERNATIONAL STANDARD BOOK NUMBER
International Standard Book Number 8170558123
041 ## - LANGUAGE CODE
Language code of text/sound track or separate title hin
082 ## - DEWEY DECIMAL CLASSIFICATION NUMBER
Classification number 891.4309
Item number PRR
100 ## - MAIN ENTRY--PERSONAL NAME
Personal name Prasad, Kamla
245 ## - TITLE STATEMENT
Title Rachna Aur Alochana Ki Dwandwatmakta
260 ## - PUBLICATION, DISTRIBUTION, ETC.
Place of publication, distribution, etc. New Delhi
Name of publisher, distributor, etc. Vani Prakashan
Date of publication, distribution, etc. 2001
300 ## - PHYSICAL DESCRIPTION
Extent 226p.
650 ## - SUBJECT ADDED ENTRY--TOPICAL TERM
Topical term or geographic name entry element HINDI
942 ## - ADDED ENTRY ELEMENTS (KOHA)
Source of classification or shelving scheme Dewey Decimal Classification
Koha item type Books
Holdings
Withdrawn status Lost status Source of classification or shelving scheme Damaged status Not for loan Home library Current library Date acquired Source of acquisition Cost, normal purchase price Total Checkouts Full call number Barcode Date last seen Price effective from Koha item type
    Dewey Decimal Classification     Chaudhary Ranbir Singh University Chaudhary Ranbir Singh University 05.08.2024 International Book Center 225.00   891.4309 PRR 35824 19.09.2024 19.09.2024 Books
    Dewey Decimal Classification     Chaudhary Ranbir Singh University Chaudhary Ranbir Singh University 20.12.2024 Ahuja Books Company Pvt. Ltd. 225.00   891.4309 PRR 40501 24.03.2025 24.03.2025 Books


Copyright © 2025 CRSU. All Rights Reserved.